000 01030nam a22002537i 4500
999 _c23038
_d23038
003 AR-CdUCM
008 240913b20122012 pe||||| |||| 00| 0 spa d
020 _a978-612-4168-28-4
040 _aMUNICIPALIDAD PROVINCIAL DEL CUSCO
_cBIBLIOTECA MUNICIPAL DEL CUSCO
041 _hspa
082 _a543 / A36
_bA36
100 _aAlbarracín Herrera, Francisco
_950368
245 _aQuímica analítica /
260 _aPuno :
_bUniversidad Nacional del Altiplano.
_c2012.
300 _a186 páginas. :
_c21 cm.
505 _aQuímica analítica -- Reacciones analíticas -- Ley de acción de masas y equilibrio químico -- Análisis de los cationes -- Marcha sistemática analítica general para los aniones -- Determinaciones gravimétricas -- Determinación de calcio
650 _aNeutralización
_950369
650 _aSistemas amortiguadores
_950370
650 _aIonización electrolítica
_950371
650 _aFuerza iónica
_950372
650 _aFerrocianuro
_950373
942 _2ddc
_cLIBROS
945 _apbj
_d2024-09-13